000 00512nam a2200193 i 4500
001 29929
003 ES-MaACL
005 20250706071706.0
007 t|
008 030123s1932 sp ||||1| spa d
100 1 _aBaroja, Pío,
_d1872-1956
_925752
245 1 3 _aEl cabo de las tormentas /
_cPío Baroja.
260 _aMadrid :
_bEspasa Calpe,
_c1932.
300 _a300 p. ;
_c19 cm.
490 1 _aLa selva oscura
830 0 3 _aLa selva oscura
_9181301
852 _aES-MaACL
_jA-796
999 _c29929
_d29929